000 00785nam a2200217 i 4500
001 bgj
100 1 _aNEWALD, Richard
245 0 0 _aGeschichte der deutschen Literatur von den Anfägen bis zur Gegenwart.
_nBand 5,
_pDie deutsche Literatur vom Späthumanismus zur Empfindsamkeit : 1570-1750 /
_cVon Helmut de Boor und Richard Newald.
260 _aMünchen :
_bC. H. Beck'sche Verlagsbuchhandlung,
_c1967.
300 _a592 S. ;
_c23 cm.
504 _aBibliographie S. 523-556.
505 _aRegister.
650 9 _aDeutsche Literatur
_xGeschichte
_y16 Jahrhundert
650 9 _aDeutsche Literatur
_xGeschichte
_y18 Jahrhundert
650 9 _aBarock
700 1 _aBOOR, Helmut
_c(de)
040 _cBPK
041 0 _ager
942 _cKS
008 s gw f |000 0 ger
999 _c50310
_d50310